Score 0/24 Timer 04:00
5 Plays Today
% Correct
Spider-Man
96.2%
Yahoo!
96.1%
SpongeBob SquarePants
96%
Angry Birds
95.5%
Jack-o'-Lantern
95.4%
Finding Nemo
93.7%
Santa Claus
93.5%
Tennis
93.2%
Hulk
92.7%
Basketball
91.9%
Grapes
85.4%
Sonic the Hedgehog
82.7%
% Correct
Captain America
82%
Mike Wazowski
81.6%
Green Bay Packers
67.1%
Mario Kart
66.1%
Purple Heart
65.6%
Minecraft
62.5%
Baltimore Ravens
61.8%
Monet's Water Lilies
59%
C-3PO
55.8%
A Clockwork Orange
53.4%
South Park
43%
One of Banksy's Rats
17%
Remove Ads.
Support Sporcle.
Get the best of Sporcle when you Go Orange. This ad-free experience offers more features, more stats, and more fun while also helping to support Sporcle. Thank you for becoming a member.

You're not logged in!

Compare scores with friends on all Sporcle quizzes.
OR
Log In

Sporcle TV

Today on Sporcle TV


Watch our educational content, quiz creation guides, and fun videos on Sporcle TV.

Show Comments

Extras

Top Quizzes Today


Score Distribution

Paid Content

Your Account Isn't Verified!

In order to create a playlist on Sporcle, you need to verify the email address you used during registration. Go to your Sporcle Settings to finish the process.

Report this User

Report this user for behavior that violates our Community Guidelines.

Details: